|
|
|
|
| LEADER |
01154nam a22002777a 4500 |
| 001 |
41122 |
| 003 |
BD-DhAAL |
| 005 |
20230528121500.0 |
| 008 |
230528t1993 enka|||| b||| 001 0 eng d |
| 020 |
|
|
|a 9780749311384
|
| 040 |
|
|
|a BD-DhAAL
|d BD-DhAAL
|
| 082 |
|
|
|2 21
|a 332.1/1/0943
|
| 100 |
|
|
|a Marsh, David
|9 54389
|
| 245 |
|
|
|a The Bundesbank :
|b the bank that rules Europe /
|c David Marsh.
|
| 260 |
|
|
|a London :
|b Mandarin,
|c c1992.
|
| 300 |
|
|
|a vii, 359 pages ;
|b illustrations :
|c 20 cm.
|
| 504 |
|
|
|a Includes bibliographical references and index.
|
| 541 |
|
|
|a Donated By Akbar Ali Khan
|e 41122
|
| 610 |
|
|
|a Deutsche Bundesbank
|x History.
|9 54390
|
| 610 |
|
|
|a European Central Bank
|x History
|9 54391
|
| 650 |
|
|
|a Monetary policy
|z European Union countries
|v Congresses.
|9 54392
|
| 650 |
|
|
|a Banks and banking, Central.
|
| 852 |
|
|
|a Ayesha Abed Library
|c Akbar Ali Khan Collection
|
| 942 |
|
|
|2 ddc
|c BK
|
| 999 |
|
|
|c 45808
|d 45808
|
| 952 |
|
|
|0 0
|1 0
|2 ddc
|4 0
|6 332_110943000000000_MAR
|7 1
|9 73688
|a BRACUL
|b BRACUL
|c AAKC
|d 2023-05-28
|e Donated by Akbar Ali Khan
|g 804.10
|l 0
|o 332.110943 MAR
|p 3010041122
|r 2023-05-28
|t 1
|v 804.10
|w 2023-05-28
|y BK
|x price available in book £6.99.
|